[Event "ESP-chT CECLUB Div1"]
[Site "Linares"]
[Date "2021.09.09"]
[Round "2.4"]
[White "Villasenor Rubio, Emilio Jose"]
[Black "Rodriguez Ferreiros, Andres"]
[Result "0-1"]
[WhiteElo "2231"]
[BlackElo "2211"]
[PlyCount "48"]
[EventDate "2021.09.08"]
[EventType "team-tourn"]
[EventRounds "7"]
[EventCountry "ESP"]
[SourceTitle "CBM 204 Extra"]
[Source "ChessBase"]
[SourceDate "2021.11.30"]
[SourceVersion "1"]
[SourceVersionDate "2021.11.30"]
[SourceQuality "1"]
[WhiteTeam "Albacete Excalibur"]
[BlackTeam "Sanxenxo Fontecarmoa"]
[WhiteTeamCountry "ESP"]
[BlackTeamCountry "ESP"]

1. e4 e6 2. d4 d5 3. Bd3 dxe4 4. Bxe4 Nf6 5. Bf3 c5 6. Ne2 cxd4 7. Qxd4 Nbd7 8. Nbc3 Bc5 9. Qf4 0-0 10. 0-0 Qe7 11. Ng3 Bd6 12. Qh4 Ne5 13. Be2 Ng6 14. Qc4 Nd5 15. Nf5 exf5 16. Nxd5 Qd8 17. Nf4 b5 18. Qd5 Be6 19. Qf3 Qf6 20. Nxg6 hxg6 21. c3 g5 22. Be3 g4 23. Qc6 Qe5 24. g3 Bd5 0-1

[Event "ESP-chT CECLUB Div2"]
[Site "Linares"]
[Date "2020.08.27"]
[Round "5.4"]
[White "Villasenor Rubio, Emilio Jose"]
[Black "Crespo Ruiz, Manuel"]
[Result "1-0"]
[WhiteElo "2239"]
[BlackElo "2045"]
[PlyCount "191"]
[EventDate "2020.08.24"]
[EventType "team-tourn"]
[EventRounds "6"]
[EventCountry "ESP"]
[SourceTitle "CBM 198 Extra"]
[Source "ChessBase"]
[SourceDate "2020.11.30"]
[SourceVersion "1"]
[SourceVersionDate "2020.11.30"]
[SourceQuality "1"]
[WhiteTeam "Albacete Excalibur"]
[BlackTeam "Nazari"]
[WhiteTeamCountry "ESP"]
[BlackTeamCountry "ESP"]

1. e4 e5 2. Nf3 Nc6 3. Bb5 Nge7 4. 0-0 d6 5. c3 Ng6 6. d4 Bd7 7. Be3 Be7 8. Nbd2 0-0 9. Bd3 h6 10. Re1 Bg5 11. Nxg5 hxg5 12. Bf1 Qf6 13. dxe5 Ncxe5 14. Nc4 Bc6 15. Nxe5 Qxe5 16. Bd4 Qe7 17. Qg4 Bd7 18. Qg3 Rfe8 19. f3 Nf4 20. h4 Ne6 21. hxg5 Qxg5 22. Qxg5 Nxg5 23. Rad1 Bc6 24. Bf2 a6 25. Bc4 Ne6 26. Bg3 Rad8 27. Kf2 Nc5 28. Re3 b5 29. Bb3 Nxb3 30. axb3 f6 31. b4 Re7 32. Ree1 Kf7 33. b3 Bd7 34. Ra1 Be6 35. Rxa6 Bxb3 36. Ra7 Rdd7 37. Bf4 Bc4 38. Rd1 Bb3 39. Rd2 Bc4 40. Be3 Bb3 41. Rb7 Bc4 42. Rd1 Bb3 43. Ra1 Bc4 44. Raa7 Ke8 45. Bf4 Bd3 46. g4 Kf7 47. Be3 Ke8 48. g5 c6 49. Rb8+ Rd8 50. Raa8 Rxb8 51. Rxb8+ Kd7 52. gxf6 gxf6 53. Rf8 Ke6 54. Bd4 Rf7 55. Rh8 d5 56. Ke3 dxe4 57. fxe4 Bc4 58. Rh6 Ke7 59. Kf4 Be6 60. Rg6 Bc4 61. Bc5+ Kd7 62. Bd4 Ke7 63. Bf2 Be6 64. Bh4 Rh7 65. Kg3 Bf7 66. Rxf6 Kd7 67. e5 Be6 68. Rg6 Rf7 69. Bf6 Bf5 70. Rg8 c5 71. bxc5 Kc6 72. Kf4 Bd7 73. Kg5 Kxc5 74. Kg6 Be6 75. Re8 Kd5 76. Rd8+ Rd7 77. Rb8 Kc6 78. Bg5 Bc4 79. Kf5 Rf7+ 80. Bf6 Bd3+ 81. Kg5 Bc4 82. Re8 Kd7 83. Rd8+ Kc7 84. Rd6 Rf8 85. Kf5 Rf7 86. Rd1 Rd7 87. Re1 Bd3+ 88. Kf4 Rf7 89. Kg5 Bc4 90. e6 Rf8 91. Kf5 Re8 92. e7 Bd5 93. Rd1 Bc6 94. Rd8 Bd7+ 95. Kg6 Bc6 96. Kf7 1-0

[Event "ESP-chT CECLUB Div2"]
[Site "Linares"]
[Date "2020.08.25"]
[Round "3.4"]
[White "Villasenor Rubio, Emilio Jose"]
[Black "Alcazar Jimenez, Jesus Alberto"]
[Result "1/2-1/2"]
[WhiteElo "2239"]
[BlackElo "2143"]
[PlyCount "152"]
[EventDate "2020.08.24"]
[EventType "team-tourn"]
[EventRounds "6"]
[EventCountry "ESP"]
[SourceTitle "CBM 198 Extra"]
[Source "ChessBase"]
[SourceDate "2020.11.30"]
[SourceVersion "1"]
[SourceVersionDate "2020.11.30"]
[SourceQuality "1"]
[WhiteTeam "Albacete Excalibur"]
[BlackTeam "Getafe"]
[WhiteTeamCountry "ESP"]
[BlackTeamCountry "ESP"]

1. e4 c5 2. Nf3 e6 3. d4 cxd4 4. Nxd4 Nf6 5. Nc3 Nc6 6. Ndb5 Bc5 7. Nd6+ Ke7 8. Bf4 e5 9. Nf5+ Kf8 10. Bg5 Bb4 11. Qd3 h6 12. Bxf6 Qxf6 13. 0-0-0 Bxc3 14. Qxc3 d5 15. exd5 Bxf5 16. dxc6 bxc6 17. Bc4 g5 18. Rhe1 Re8 19. Re3 Kg7 20. Rde1 e4 21. Qxf6+ Kxf6 22. Bd3 Re5 23. Bxe4 Bxe4 24. Rxe4 Rf5 25. f3 h5 26. Rd1 c5 27. Rd6+ Kg7 28. Kd2 g4 29. fxg4 Rf2+ 30. Re2 Rxe2+ 31. Kxe2 hxg4 32. Rd5 Rxh2 33. Rg5+ Kf6 34. Rxg4 Ke5 35. Kd3 f5 36. Rg3 Rh4 37. Re3+ Kd5 38. Rf3 Ke5 39. Ke2 Rb4 40. Re3+ Kd5 41. b3 Rg4 42. Kf3 a5 43. Re8 Kc6 44. Re5 Rg5 45. c4 Kb6 46. Re6+ Kb7 47. Rf6 Ka7 48. g3 Kb7 49. Rd6 Rh5 50. Kf4 Rh2 51. Kxf5 Rxa2 52. Rd3 a4 53. bxa4 Rc2 54. g4 Rxc4 55. g5 Rxa4 56. g6 Kc6 57. g7 Ra8 58. Ke6 c4 59. Rf3 Rg8 60. Kf7 Rxg7+ 61. Kxg7 Kd5 62. Kf6 Kd4 63. Rf4+ Kd3 64. Ke5 c3 65. Rf3+ Kd2 66. Kd4 c2 67. Rf2+ Kd1 68. Kd3 c1N+ 69. Ke3 Nb3 70. Ra2 Nc1 71. Rb2 Ke1 72. Rd2 Nb3 73. Rh2 Kd1 74. Rb2 Nc1 75. Rd2+ Ke1 76. Rd8 Nb3 1/2-1/2

[Event "Alicante Universitario-ch"]
[Site "Alicante"]
[Date "2019.04.11"]
[Round "9.6"]
[White "Villasenor Rubio, Emilio Jose"]
[Black "Valdepenas Octavio, Javier"]
[Result "1-0"]
[WhiteElo "2224"]
[BlackElo "2123"]
[PlyCount "95"]
[EventDate "2019.04.09"]
[EventType "swiss"]
[EventRounds "9"]
[EventCountry "ESP"]
[SourceTitle "CBM 190 Extra"]
[Source "ChessBase"]
[SourceDate "2019.07.15"]
[SourceVersion "1"]
[SourceVersionDate "2019.07.15"]
[SourceQuality "1"]

1. Nf3 g6 2. g3 Bg7 3. Bg2 e5 4. 0-0 Nc6 5. e4 Nge7 6. d3 0-0 7. Nc3 d5 8. exd5 Nxd5 9. Nxd5 Qxd5 10. Re1 Qd8 11. Bd2 Re8 12. Bc3 Nd4 13. Nxd4 exd4 14. Rxe8+ Qxe8 15. Bd2 Be6 16. b3 c6 17. Bf4 Qd7 18. Qd2 Bd5 19. Bxd5 Qxd5 20. Re1 a5 21. Re7 b5 22. Qe2 h5 23. Qe4 Qxe4 24. dxe4 Bf8 25. Rc7 c5 26. Kf1 a4 27. Ke2 axb3 28. axb3 h4 29. Rb7 Ra2 30. Kd1 h3 31. g4 d3 32. cxd3 Rxf2 33. Be5 f6 34. Bb8 b4 35. g5 fxg5 36. Be5 g4 37. Ke1 Rg2 38. Ra7 Bh6 39. Kf1 Be3 40. Rg7+ Kf8 41. Rxg6 Kf7 42. Rf6+ Ke7 43. Rg6 Bg1 44. Bf4 Kf7 45. Rg5 Kf6 46. e5+ Ke6 47. Rg6+ Kf5 48. Rf6# 1-0

[Event "Alicante Universitario-ch"]
[Site "Alicante"]
[Date "2019.04.10"]
[Round "7.7"]
[White "Villasenor Rubio, Emilio Jose"]
[Black "Abal Cores, Lucas"]
[Result "1/2-1/2"]
[WhiteElo "2224"]
[BlackElo "2304"]
[PlyCount "118"]
[EventDate "2019.04.09"]
[EventType "swiss"]
[EventRounds "9"]
[EventCountry "ESP"]
[SourceTitle "CBM 190 Extra"]
[Source "ChessBase"]
[SourceDate "2019.07.15"]
[SourceVersion "1"]
[SourceVersionDate "2019.07.15"]
[SourceQuality "1"]

1. e4 c5 2. Nf3 Nc6 3. d4 cxd4 4. Nxd4 e5 5. Nb5 d6 6. N1c3 a6 7. Na3 b5 8. Nd5 Nce7 9. c4 Nxd5 10. exd5 Be7 11. Be2 Nf6 12. 0-0 0-0 13. cxb5 axb5 14. Nxb5 Bb7 15. Bc4 Qd7 16. a4 Ne4 17. f3 Nc5 18. b4 Na6 19. Bd2 f5 20. Qe2 Bf6 21. Rab1 Rae8 22. Nc3 Nc7 23. b5 e4 24. fxe4 Bd4+ 25. Kh1 Bxc3 26. Bxc3 Rxe4 27. Qd3 Qf7 28. Qxe4 fxe4 29. Rxf7 Rxf7 30. a5 e3 31. a6 Bxd5 32. b6 Bxc4 33. b7 Nxa6 34. b8Q+ Nxb8 35. Rxb8+ Rf8 36. Rxf8+ Kxf8 37. Kg1 Kf7 38. Bd4 e2 39. Kf2 g5 40. h3 Kg6 41. Bc3 Kf5 42. Ke3 h5 43. g3 d5 44. Be1 Bb5 45. Bc3 h4 46. gxh4 gxh4 47. Kf3 d4 48. Be1 Kg5 49. Bd2+ Kh5 50. Ke4 Bd7 51. Kxd4 Bxh3 52. Ke3 Bg4 53. Kf2 Kg6 54. Be1 Kf5 55. Kg2 Kg5 56. Bd2+ Kh5 57. Be1 Bd7 58. Kf3 Bb5 59. Bd2 Kg6 1/2-1/2

[Event "ESP-chT CECLUB Div2"]
[Site "Linares"]
[Date "2018.08.17"]
[Round "6.5"]
[White "Villasenor Rubio, Emilio Jose"]
[Black "Pablos Tenrero, Raquel"]
[Result "1-0"]
[WhiteElo "2229"]
[BlackElo "2015"]
[PlyCount "89"]
[EventDate "2018.08.14"]
[EventType "team-swiss"]
[EventRounds "7"]
[EventCountry "ESP"]
[SourceTitle "CBM 186 Extra"]
[Source "ChessBase"]
[SourceDate "2018.08.24"]
[SourceVersion "1"]
[SourceVersionDate "2018.08.24"]
[SourceQuality "1"]
[WhiteTeam "Albacete Excalibur"]
[BlackTeam "Liberty Chess"]
[WhiteTeamCountry "ESP"]
[BlackTeamCountry "ESP"]

1. e4 c6 2. d4 d5 3. e5 c5 4. dxc5 e6 5. Nf3 Bxc5 6. Bd3 Ne7 7. 0-0 Nbc6 8. a3 Ng6 9. b4 Bb6 10. Bb2 0-0 11. Re1 Bd7 12. Nbd2 Bc7 13. g3 Qb8 14. Qe2 b5 15. h4 d4 16. Nxd4 Ncxe5 17. Be4 Qb6 18. N2b3 Rad8 19. Nc5 Nc4 20. Bc3 e5 21. Nxd7 Rxd7 22. Nxb5 Qxb5 23. a4 Qa6 24. Bf5 Re7 25. b5 Qf6 26. Bxg6 fxg6 27. Qxc4+ Ref7 28. Re2 g5 29. hxg5 Qxg5 30. a5 Kh8 31. Qe4 Rf5 32. Bd2 Qf6 33. Be3 Bb8 34. Rd1 Rh5 35. Red2 h6 36. c4 Bc7 37. Ra1 Qe6 38. c5 Qh3 39. Qg2 Qe6 40. b6 axb6 41. cxb6 Bd6 42. a6 Bb4 43. Rdd1 e4 44. a7 Qc6 45. Rdc1 1-0

[Event "Almansa op-A 12th"]
[Site "Almansa"]
[Date "2017.08.05"]
[Round "8"]
[White "Villasenor Rubio, Emilio Jose"]
[Black "Gonzalez Laso, Adrian"]
[Result "1/2-1/2"]
[WhiteElo "2231"]
[BlackElo "2210"]
[PlyCount "118"]
[EventDate "2017.08.01"]
[EventType "swiss"]
[EventRounds "9"]
[EventCountry "ESP"]
[SourceTitle "CBM 179 Extra"]
[Source "ChessBase"]
[SourceDate "2017.08.23"]
[SourceVersion "1"]
[SourceVersionDate "2017.08.23"]
[SourceQuality "1"]

1. e4 e6 2. d4 d5 3. Nc3 Bb4 4. e5 c5 5. Bd2 Nc6 6. Nb5 Bxd2+ 7. Qxd2 Nxd4 8. Nxd4 cxd4 9. Nf3 Ne7 10. Nxd4 Bd7 11. f4 Qb6 12. 0-0-0 Nc6 13. c3 Rc8 14. Kb1 0-0 15. Nb3 a5 16. Bd3 a4 17. Nd4 a3 18. b3 Nxd4 19. cxd4 g6 20. Bc2 Rc7 21. Rc1 Rfc8 22. h4 Rc4 23. Rhd1 Qb4 24. Qxb4 Rxb4 25. Rd2 Rc3 26. Bd1 Re3 27. Bf3 Bb5 28. Rc8+ Kg7 29. Kc2 Ba6 30. Rc5 Rb6 31. Ra5 Rc6+ 32. Kd1 Rec3 33. Ke1 Bd3 34. Rxa3 Rc1+ 35. Rd1 Rxd1+ 36. Bxd1 Be4 37. Ra7 Rc7 38. g3 h6 39. Kd2 g5 40. h5 gxf4 41. gxf4 Bg2 42. a4 Bf1 43. a5 Kf8 44. Ra8+ Kg7 45. Ra7 Kf8 46. Bc2 Ke7 47. Ra8 Bg2 48. Rh8 Bf3 49. Rxh6 Rc8 50. Rh7 Rxc2+ 51. Kxc2 Be4+ 52. Kc3 Bxh7 53. Kb4 Kd7 54. Kc5 Kc7 55. b4 Bd3 56. h6 Bg6 57. Kb5 Bd3+ 58. Kc5 Bg6 59. Kb5 Bd3+ 1/2-1/2

[Event "ESP-chT CECLUB Div2"]
[Site "Linares"]
[Date "2016.08.18"]
[Round "4"]
[White "Aranaz Portugues, Jose Carlos"]
[Black "Villasenor Rubio, Emilio Jose"]
[Result "0-1"]
[WhiteElo "2135"]
[BlackElo "2205"]
[PlyCount "68"]
[EventDate "2016.08.16"]
[EventType "team"]
[EventRounds "6"]
[EventCountry "ESP"]
[SourceTitle "CBM 174 Extra"]
[Source "ChessBase"]
[SourceDate "2016.10.10"]
[SourceVersion "1"]
[SourceVersionDate "2016.10.10"]
[SourceQuality "1"]
[WhiteTeam "Alekhine Espartinas"]
[BlackTeam "Excalibur"]
[WhiteTeamCountry "ESP"]
[BlackTeamCountry "ESP"]

1. d4 e6 2. c4 Nf6 3. Nc3 d5 4. cxd5 exd5 5. Bg5 Be7 6. e3 c6 7. Bd3 Nbd7 8. Qc2 Nf8 9. Nf3 Ne6 10. Bh4 a5 11. h3 g6 12. Ne5 Nd7 13. Bg3 Nxe5 14. dxe5 0-0 15. 0-0 Nc5 16. Ne2 Qb6 17. b3 a4 18. Nd4 Nxd3 19. Qxd3 c5 20. Ne2 axb3 21. axb3 Be6 22. Nf4 Qc6 23. Rfd1 Rxa1 24. Rxa1 c4 25. Qc3 b5 26. Ra7 Bc5 27. Ra5 b4 28. Qa1 Rc8 29. Ra6 Bb6 30. Ne2 cxb3 31. Qb2 d4 32. exd4 Bxd4 33. Rxc6 Bxb2 34. Rb6 Ba3 0-1

[Event "ESP-chT CECLUB Div2"]
[Site "Linares"]
[Date "2016.08.17"]
[Round "2"]
[White "Jordan Arenas, Manuel"]
[Black "Villasenor Rubio, Emilio Jose"]
[Result "0-1"]
[WhiteElo "2071"]
[BlackElo "2205"]
[PlyCount "83"]
[EventDate "2016.08.16"]
[EventType "team"]
[EventRounds "6"]
[EventCountry "ESP"]
[SourceTitle "CBM 174 Extra"]
[Source "ChessBase"]
[SourceDate "2016.10.10"]
[SourceVersion "1"]
[SourceVersionDate "2016.10.10"]
[SourceQuality "1"]
[WhiteTeam "Mislata"]
[BlackTeam "Excalibur"]
[WhiteTeamCountry "ESP"]
[BlackTeamCountry "ESP"]

1. d4 Nf6 2. c4 g6 3. Nc3 Bg7 4. e4 d6 5. Nf3 0-0 6. Be2 Na6 7. 0-0 e5 8. Be3 Ng4 9. Bg5 Qe8 10. h3 h6 11. Bc1 Nf6 12. dxe5 dxe5 13. Be3 Qe7 14. Qc2 c6 15. a3 Nh5 16. Rfe1 Nc5 17. Bf1 Ne6 18. Rad1 Nhf4 19. Ne2 Nxe2+ 20. Bxe2 c5 21. Qa4 Nd4 22. Nxd4 exd4 23. Bf4 Bd7 24. Qc2 Bc6 25. Bd3 g5 26. Bh2 Be5 27. Bxe5 Qxe5 28. b4 b6 29. b5 Bb7 30. a4 Rad8 31. a5 Rfe8 32. Qe2 Rd6 33. a6 Bc8 34. Qh5 Qg7 35. Rf1 Re5 36. Qe2 Rg6 37. Qc2 h5 38. Be2 g4 39. h4 g3 40. f4 Qf6 41. Rf3 Qxh4 42. Bf1 0-1

[Event "Benidorm op U2300 13th"]
[Site "Benidorm"]
[Date "2014.12.04"]
[Round "7"]
[White "Villasenor Rubio, Emilio Jose"]
[Black "Serra Pages, Jordi"]
[Result "1/2-1/2"]
[WhiteElo "2240"]
[BlackElo "2182"]
[PlyCount "65"]
[EventDate "2014.11.28"]
[EventType "swiss"]
[EventRounds "10"]
[EventCountry "ESP"]
[SourceTitle "CBM 163 Extra"]
[Source "ChessBase"]
[SourceDate "2014.12.23"]
[SourceVersion "1"]
[SourceVersionDate "2014.12.23"]
[SourceQuality "1"]

1. e4 e5 2. Nf3 Nc6 3. Bb5 a6 4. Ba4 Nf6 5. d3 d6 6. c3 Be7 7. 0-0 0-0 8. Nbd2 b5 9. Bc2 h6 10. Re1 Nh7 11. a4 Rb8 12. axb5 axb5 13. Nf1 Ng5 14. Ne3 Nxf3+ 15. Qxf3 Bg5 16. g3 Qf6 17. Qxf6 Bxf6 18. Nd5 Bd8 19. Be3 Bb7 20. Bb3 Ne7 21. d4 Nxd5 22. exd5 Re8 23. dxe5 Rxe5 24. f4 Re7 25. Kf2 Kf8 26. Red1 Ke8 27. Bd4 Kf8 28. f5 Re8 29. Ra7 Bc8 30. Bc2 Bb7 31. Bb3 Bc8 32. Bc2 Bb7 33. Bb3 1/2-1/2

[Event "Benidorm op U2300 13th"]
[Site "Benidorm"]
[Date "2014.12.01"]
[Round "4"]
[White "Mora Menezo, Jesus Manuel"]
[Black "Villasenor Rubio, Emilio Jose"]
[Result "1-0"]
[WhiteElo "2181"]
[BlackElo "2240"]
[PlyCount "41"]
[EventDate "2014.11.28"]
[EventType "swiss"]
[EventRounds "10"]
[EventCountry "ESP"]
[SourceTitle "CBM 163 Extra"]
[Source "ChessBase"]
[SourceDate "2014.12.23"]
[SourceVersion "1"]
[SourceVersionDate "2014.12.23"]
[SourceQuality "1"]

1. e4 c5 2. Nf3 d6 3. d4 cxd4 4. Nxd4 Nf6 5. Nc3 a6 6. h3 e6 7. g4 d5 8. exd5 Nxd5 9. Nde2 Bb4 10. Bg2 Qc7 11. Bxd5 exd5 12. Qd4 Bxc3+ 13. Nxc3 0-0 14. Nxd5 Qa5+ 15. b4 Re8+ 16. Kf1 Qa4 17. Bb2 f6 18. Nxf6+ gxf6 19. Qxf6 Qd7 20. Qh8+ Kf7 21. Qg7+ 1-0

[Event "ESP-ch 78th"]
[Site "Linares"]
[Date "2013.09.02"]
[Round "5"]
[White "Salgado Lopez, Ivan"]
[Black "Villasenor Rubio, Emilio Jose"]
[Result "1-0"]
[WhiteElo "2614"]
[BlackElo "2260"]
[PlyCount "28"]
[EventDate "2013.08.29"]
[EventType "swiss"]
[EventRounds "9"]
[EventCountry "ESP"]
[SourceTitle "CBM 156 Extra"]
[Source "ChessBase"]
[SourceDate "2013.10.22"]
[SourceVersion "1"]
[SourceVersionDate "2013.10.22"]
[SourceQuality "1"]

1. e4 c5 2. c3 Nc6 3. d4 cxd4 4. cxd4 d5 5. exd5 Qxd5 6. Nf3 Nf6 7. Nc3 Qd6 8. Nb5 Qd8 9. d5 Nb8 10. Bf4 Na6 11. Bc4 Qa5+ 12. Bd2 Qd8 13. 0-0 Nxd5 14. Qa4 Nb8 1-0

[Event "ESP-ch 78th"]
[Site "Linares"]
[Date "2013.08.30"]
[Round "2"]
[White "Villasenor Rubio, Emilio Jose"]
[Black "Roman Lopez, Jesus A"]
[Result "1-0"]
[WhiteElo "2260"]
[BlackElo "1914"]
[PlyCount "79"]
[EventDate "2013.08.29"]
[EventType "swiss"]
[EventRounds "9"]
[EventCountry "ESP"]
[SourceTitle "CBM 156 Extra"]
[Source "ChessBase"]
[SourceDate "2013.10.22"]
[SourceVersion "1"]
[SourceVersionDate "2013.10.22"]
[SourceQuality "1"]

1. e4 e5 2. Nf3 Nc6 3. Bb5 Nf6 4. d3 Bc5 5. 0-0 d6 6. c3 0-0 7. Nbd2 Kh8 8. b4 Bb6 9. Nc4 Ne7 10. h3 Ng6 11. Nh2 c6 12. Nxb6 axb6 13. Bc4 d5 14. exd5 Nxd5 15. Bd2 Ndf4 16. Nf3 b5 17. Bb3 f6 18. d4 e4 19. Ne1 f5 20. f3 Qh4 21. Bxf4 Nxf4 22. Qd2 e3 23. Qxe3 Bd7 24. Nd3 Nxh3+ 25. gxh3 Qg3+ 26. Kh1 Qxh3+ 27. Kg1 Qg3+ 28. Kh1 Rf6 29. Ne5 f4 30. Nf7+ Rxf7 31. Qf2 Qh3+ 32. Qh2 Rf6 33. Qxh3 Bxh3 34. Rfe1 Rg6 35. Re2 Rg3 36. Rae1 h5 37. Rf2 Rf8 38. Re5 g6 39. Re7 Rf5 40. Rfe2 1-0

[Event "Almansa op-A"]
[Site "Almansa"]
[Date "2013.08.09"]
[Round "6.5"]
[White "Jimenez Martinez, Jose Vicente"]
[Black "Villasenor Rubio, Emilio Jose"]
[Result "1/2-1/2"]
[WhiteElo "2238"]
[BlackElo "2260"]
[PlyCount "33"]
[EventDate "2013.08.06"]
[EventType "swiss"]
[EventRounds "9"]
[EventCountry "ESP"]
[SourceTitle "EXT 2024"]
[Source "ChessBase"]
[SourceDate "2023.10.10"]
[SourceVersion "1"]
[SourceVersionDate "2023.10.10"]
[SourceQuality "1"]

1. d4 Nf6 2. c4 g6 3. Nc3 Bg7 4. Nf3 0-0 5. g3 d6 6. Bg2 Nbd7 7. 0-0 e5 8. dxe5 dxe5 9. e4 c6 10. h3 Qe7 11. b3 Nc5 12. Ba3 Nfd7 13. Qe2 Re8 14. Na4 b6 15. Rad1 Nf8 16. Nxc5 bxc5 17. Qd2 1/2-1/2

[Event "Roquetas de Mar op 24th"]
[Site "Roquetas de Mar"]
[Date "2013.01.03"]
[Round "2"]
[White "Del Rio de Angelis, Salvador Gabriel"]
[Black "Villasenor Rubio, Emilio Jose"]
[Result "1-0"]
[WhiteElo "2471"]
[BlackElo "2231"]
[PlyCount "39"]
[EventDate "2013.01.02"]
[EventType "swiss"]
[EventRounds "9"]
[EventCountry "ESP"]
[SourceTitle "CBM 152 Extra"]
[Source "ChessBase"]
[SourceDate "2013.02.25"]
[SourceVersion "1"]
[SourceVersionDate "2013.02.25"]
[SourceQuality "1"]

1. d4 d5 2. c4 c6 3. Nf3 Nf6 4. Nc3 a6 5. cxd5 cxd5 6. Bg5 e6 7. e3 Nc6 8. Bd3 Be7 9. 0-0 0-0 10. Rc1 h6 11. Bh4 b5 12. Nxb5 axb5 13. Rxc6 Bd7 14. Rc1 Rxa2 15. Qb3 Ra7 16. Ne5 Qb6 17. Bb1 Be8 18. Qd3 g6 19. Rc8 Rc7 20. Nxg6 1-0

[Event "Benidorm op U2300 11th"]
[Site "Benidorm"]
[Date "2012.12.05"]
[Round "6"]
[White "Villasenor Rubio, Emilio Jose"]
[Black "Do Santos Julio, Joao Manuel"]
[Result "1-0"]
[WhiteElo "2217"]
[BlackElo "2087"]
[PlyCount "109"]
[EventDate "2012.11.30"]
[EventType "swiss"]
[EventRounds "10"]
[EventCountry "ESP"]
[SourceTitle "EXT 2014"]
[Source "ChessBase"]
[SourceDate "2013.11.20"]
[SourceVersion "1"]
[SourceVersionDate "2013.11.20"]
[SourceQuality "1"]

1. e4 c5 2. Nf3 e6 3. d4 cxd4 4. Nxd4 Nf6 5. Nc3 d5 6. exd5 Nxd5 7. Bb5+ Bd7 8. Nxd5 exd5 9. 0-0 Be7 10. Qf3 Nc6 11. Qxd5 Nxd4 12. Bxd7+ Qxd7 13. Qxd7+ Kxd7 14. Rd1 Bf6 15. Be3 Ke7 16. Bxd4 Bxd4 17. Rxd4 Rhd8 18. Re1+ Kf8 19. Red1 Rxd4 20. Rxd4 Rc8 21. c3 Ke7 22. Kf1 Rc6 23. Ke2 Ra6 24. a4 Rh6 25. h3 Rc6 26. Kd3 Rf6 27. Ke3 Rc6 28. Rh4 h6 29. Rd4 b6 30. Rg4 g6 31. Rh4 h5 32. Rd4 Rc5 33. h4 Ke6 34. g3 f6 35. Kd3 Rf5 36. f4 Rc5 37. b4 Rc7 38. Rc4 Rd7+ 39. Ke4 Rd6 40. Rc7 a6 41. c4 f5+ 42. Ke3 Kf6 43. c5 Re6+ 44. Kd3 a5 45. cxb6 Rxb6 46. b5 Rd6+ 47. Kc4 Rd1 48. b6 Rb1 49. Kc5 Ke6 50. Rc6+ Kd7 51. Rxg6 Rb4 52. Rg7+ Kc8 53. Kc6 Rc4+ 54. Kb5 Re4 55. Kxa5 1-0

[Event "Castilla La Mancha Men & Veterans"]
[Site "Guadalajara"]
[Date "2012.08.04"]
[Round "5.1"]
[White "Villasenor Rubio, Emilio Jose"]
[Black "Moreno Ibanez, Miguel"]
[Result "1/2-1/2"]
[WhiteElo "2176"]
[BlackElo "2087"]
[PlyCount "93"]
[EventDate "2012.08.02"]
[EventType "swiss"]
[EventRounds "6"]
[EventCountry "ESP"]
[SourceTitle "EXT 2024"]
[Source "ChessBase"]
[SourceDate "2023.10.10"]
[SourceVersion "1"]
[SourceVersionDate "2023.10.10"]
[SourceQuality "1"]

1. e4 c5 2. Nf3 Nc6 3. d4 cxd4 4. Nxd4 e5 5. Nb5 d6 6. N1c3 a6 7. Na3 b5 8. Nd5 Nce7 9. c4 Nxd5 10. exd5 bxc4 11. Nxc4 Nf6 12. Be2 Be7 13. Be3 Rb8 14. a4 0-0 15. 0-0 Nd7 16. a5 f5 17. Rc1 Bb7 18. f3 Nf6 19. Nb6 Nh5 20. Qd2 Bh4 21. b4 Rf6 22. b5 axb5 23. Bxb5 f4 24. Bf2 Bg3 25. hxg3 fxg3 26. Be3 Rf5 27. Rc4 Nf4 28. Rfc1 Qh4 29. Rxf4 exf4 30. Bd4 Rh5 31. Kf1 Qg5 32. Qe2 Rh1+ 33. Bg1 Qh5 34. Qe6+ Kh8 35. Ke2 Rxg1 36. Rxg1 Ba6 37. Bxa6 Re8 38. Rc1 Rxe6+ 39. dxe6 Qe5+ 40. Kf1 h5 41. Bd3 g6 42. Re1 Qd4 43. Re2 Qa1+ 44. Re1 Qd4 45. Re2 Qa1+ 46. Re1 Qd4 47. Re2 1/2-1/2

[Event "Castilla La Mancha Men & Veterans"]
[Site "Guadalajara"]
[Date "2012.08.02"]
[Round "1.1"]
[White "Villasenor Rubio, Emilio Jose"]
[Black "Pastor Villalba, Arturo"]
[Result "1-0"]
[WhiteElo "2176"]
[BlackElo "1821"]
[PlyCount "45"]
[EventDate "2012.08.02"]
[EventType "swiss"]
[EventRounds "6"]
[EventCountry "ESP"]
[SourceTitle "EXT 2024"]
[Source "ChessBase"]
[SourceDate "2023.10.10"]
[SourceVersion "1"]
[SourceVersionDate "2023.10.10"]
[SourceQuality "1"]

1. e4 e6 2. d4 d5 3. Nc3 Be7 4. Bd3 c5 5. dxc5 d4 6. Nb5 Bxc5 7. Bf4 Na6 8. Nf3 Ne7 9. Nbxd4 Bxd4 10. Nxd4 Ng6 11. Be3 0-0 12. 0-0 Nb4 13. a3 Nxd3 14. Qxd3 e5 15. Nb5 Qf6 16. Nc7 Rd8 17. Nd5 Qh4 18. g3 Rxd5 19. Qxd5 Qf6 20. f3 Bh3 21. Rf2 Rd8 22. Qxb7 h5 23. Qb5 1-0

[Event "ESP-ch U18"]
[Site "Salobrena"]
[Date "2012.07.29"]
[Round "9"]
[White "Orantes Taboada, Manuel"]
[Black "Villasenor Rubio, Emilio Jose"]
[Result "1/2-1/2"]
[WhiteElo "1963"]
[BlackElo "2159"]
[PlyCount "75"]
[EventDate "2012.07.23"]
[EventType "swiss"]
[EventRounds "9"]
[EventCountry "ESP"]
[SourceTitle "EXT 2014"]
[Source "ChessBase"]
[SourceDate "2013.11.20"]
[SourceVersion "1"]
[SourceVersionDate "2013.11.20"]
[SourceQuality "1"]

1. e4 c5 2. Nc3 Nc6 3. g3 g6 4. Bg2 Bg7 5. d3 d6 6. f4 e5 7. Nf3 Nge7 8. 0-0 0-0 9. f5 gxf5 10. Nh4 f4 11. gxf4 Ng6 12. Nf5 exf4 13. Bxf4 Nxf4 14. Rxf4 Ne5 15. Qh5 Ng6 16. Rf3 Bxf5 17. exf5 Qh4 18. Rh3 Qxh5 19. Rxh5 Nf4 20. Rg5 Kh8 21. Rg4 Bxc3 22. Rxf4 Bxb2 23. Rb1 Bd4+ 24. Kf1 Rab8 25. Rxb7 Rxb7 26. Bxb7 Rb8 27. Bd5 Rb1+ 28. Ke2 Kg7 29. Rf1 Rxf1 30. Kxf1 Kf6 31. Kg2 Kxf5 32. Bxf7 Kf4 33. Bg8 h6 34. c4 Ke3 35. Bh7 Kd2 36. Be4 Kc3 37. a4 Kb4 38. Bc6 1/2-1/2

[Event "ESP-ch U18"]
[Site "Salobrena"]
[Date "2012.07.26"]
[Round "6"]
[White "Fernandez Lledo, Javier"]
[Black "Villasenor Rubio, Emilio Jose"]
[Result "1-0"]
[WhiteElo "2207"]
[BlackElo "2159"]
[PlyCount "63"]
[EventDate "2012.07.23"]
[EventType "swiss"]
[EventRounds "9"]
[EventCountry "ESP"]
[SourceTitle "EXT 2014"]
[Source "ChessBase"]
[SourceDate "2013.11.20"]
[SourceVersion "1"]
[SourceVersionDate "2013.11.20"]
[SourceQuality "1"]

1. e4 c5 2. b3 Nc6 3. Bb2 d6 4. Nf3 Nf6 5. Nc3 a6 6. a4 g6 7. Nd5 Bg7 8. Nxf6+ Bxf6 9. Bxf6 exf6 10. Bc4 0-0 11. 0-0 Re8 12. Bd5 f5 13. d3 Nb4 14. c3 fxe4 15. cxb4 exf3 16. Qxf3 Re7 17. Rac1 cxb4 18. Rc4 a5 19. Rf4 Qe8 20. h4 Be6 21. Bxb7 Ra7 22. Bd5 Qd7 23. Rd4 Bf5 24. h5 gxh5 25. Qg3+ Kh8 26. Qg5 Rc7 27. Bc4 Be6 28. Qxa5 Rc5 29. Qxb4 Bxc4 30. Qxc5 dxc5 31. Rxd7 Rxd7 32. dxc4 1-0